[Event "Biel Rapid op 58th"]
[Site "Biel"]
[Date "2025.07.13"]
[Round "5"]
[White "Lang, Fabian"]
[Black "Trubini, Timon"]
[Result "1-0"]
[WhiteElo "1943"]
[BlackElo "1922"]
[PlyCount "71"]
[EventDate "2025.07.13"]
[EventType "swiss (rapid)"]
[EventRounds "9"]
[EventCountry "SUI"]
[SourceTitle "CB29_2025"]
[SourceDate "2025.07.16"]
[SourceVersion "1"]
[SourceVersionDate "2025.07.16"]
[SourceQuality "1"]

1. d4 Nf6 2. Nf3 g6 3. g3 Bg7 4. Bg2 0-0 5. 0-0 d5 6. c4 c6 7. cxd5 cxd5 8. Nc3 Nc6 9. Ne5 Nxe5 10. dxe5 Nd7 11. Qxd5 Nxe5 12. Rd1 Qxd5 13. Nxd5 Be6 14. Nxe7+ Kh8 15. Bxb7 Rab8 16. Bg2 Nc4 17. Nc6 Rb7 18. Nd4 Rd7 19. e3 Rb8 20. b3 Nb6 21. Ba3 a5 22. Rac1 Bxd4 23. exd4 Rbd8 24. Bc5 Nd5 25. a3 Rb8 26. b4 axb4 27. axb4 Nxb4 28. Rb1 Na6 29. Rxb8+ Nxb8 30. Ra1 Bd5 31. Bxd5 Rxd5 32. Ra8 Rd8 33. Be7 Re8 34. Bf6+ Kg8 35. Be5 f6 36. Rxb8 1-0

[Event "Stein am Rhein op"]
[Site "Stein am Rhein"]
[Date "2024.11.16"]
[Round "3"]
[White "Lupei, Denis"]
[Black "Trubini, Timon"]
[Result "0-1"]
[WhiteElo "1669"]
[BlackElo "1819"]
[PlyCount "98"]
[EventDate "2024.11.15"]
[EventType "swiss"]
[EventRounds "5"]
[EventCountry "SUI"]
[SourceTitle "CB49_2024"]
[SourceDate "2024.12.04"]
[SourceVersion "1"]
[SourceVersionDate "2024.12.04"]
[SourceQuality "1"]

1. e4 c5 2. Nf3 d6 3. g3 Nf6 4. d3 Nc6 5. Bg2 g6 6. h3 Bg7 7. 0-0 0-0 8. Nc3 Qb6 9. Qd2 Bd7 10. Re1 Rad8 11. Ne2 Bc8 12. c3 Rfe8 13. Qc2 e5 14. Bg5 h6 15. Be3 Kh7 16. Rab1 a5 17. a3 Qa6 18. Ra1 b5 19. Nd2 Bb7 20. f4 Re7 21. Nf3 Red7 22. Rad1 b4 23. c4 Qb6 24. Rf1 Re7 25. g4 Nd4 26. Bxd4 cxd4 27. g5 Nh5 28. fxe5 dxe5 29. h4 Bxe4 30. c5 b3 31. Qc1 Qb5 32. Nexd4 exd4 33. dxe4 Ng3 34. Rf2 Ne2+ 35. Rxe2 Qxe2 36. Re1 Qc2 37. Qf4 Qxc5 38. gxh6 d3+ 39. Kh1 d2 40. Rd1 Bxh6 41. Qf6 Qc1 42. Qxe7 Qxd1+ 43. Kh2 Qe2 44. Qxf7+ Bg7 45. Ng5+ Kh8 46. Qxg6 Be5+ 47. Kh3 Rd3+ 48. Nf3 Rxf3+ 49. Bxf3 Qxf3+ 0-1

[Event "Schaffhausen op"]
[Site "Schaffhausen"]
[Date "2024.01.13"]
[Round "3"]
[White "Strupat, Thomas"]
[Black "Trubini, Timon"]
[Result "0-1"]
[WhiteElo "1409"]
[BlackElo "1559"]
[PlyCount "86"]
[EventDate "2024.01.12"]
[EventType "swiss"]
[EventRounds "5"]
[EventCountry "SUI"]
[SourceTitle "CBM 218 Extra"]
[Source "ChessBase"]
[SourceDate "2024.03.31"]
[SourceVersion "1"]
[SourceVersionDate "2024.03.31"]
[SourceQuality "1"]

1. e4 c5 2. Nf3 d6 3. Bb5+ Nd7 4. 0-0 a6 5. Bxd7+ Bxd7 6. b3 Nf6 7. d3 g6 8. Bb2 Bg7 9. Nbd2 0-0 10. Rb1 b5 11. Re1 h6 12. e5 Ne8 13. exd6 Nxd6 14. Bxg7 Kxg7 15. Nf1 b4 16. Ne3 Nb5 17. Qd2 Bc6 18. Ne5 Qc7 19. N3g4 g5 20. Nxc6 Qxc6 21. Re3 Nc3 22. Rbe1 e6 23. Rh3 Rh8 24. f4 Qd5 25. Kh1 f6 26. Rhe3 Rae8 27. Qf2 Qf5 28. h3 Nd5 29. Rf3 gxf4 30. Re4 Qg5 31. Qxc5 f5 32. Qd4+ Kh7 33. Re5 h5 34. Nf2 Rhg8 35. Ng4 hxg4 36. hxg4 Qxg4 37. Qf2 Rg6 38. Rh3+ Rh6 39. Qa7+ Re7 40. Rxh6+ Kxh6 41. Qxa6 Qd1+ 42. Kh2 Kg5 43. Rxe6 Rh7+ 0-1